Регионална библиотека "Любен Каравелов" - Русе

Полицаят от Сен Тропе (Запис номер 494701)

MARC детайли
000 -Лидер
Лидер 01060ngm a2200277 a 4500
003 - Код на организацията, давaща контролен номер
Код на организацията, даваща контролен номер BLK
005 - Дата и час на последна редакция
Дата и час на последна редакция 20240604113943.0
007 - Фиксирано поле за физическо описани
Физическо описание mr ba |ka|daaaac
008 - Елементи от данни с фиксирана дължина
Елементи с фиксирана дължина 230818b bu |||||r|||| s0| mlbu d
024 ## - Международен стандартен номер на аудиовизоални материали ISAN
Standard number or code 3800210690513
040 ## - Източник на каталожния запис
Код на библиотеката BLK
041 ## - Код за език
Език Български
Език за КДБФ Български
080 ## - УДК
УДК текст Комедии
УДК код 791.221.2
УДК – код + определител 791.221.2
245 ## - Сведения за заглавието
Заглавие Полицаят от Сен Тропе
Авторска отговорност режисьор Жан Жиро ; в ролите Луи дьо Фюнес и др.
Носител DVD
260 ## - Област на издателските данни
9 (RLIN) 214898
Място на издаване София
Име на издателя А Дизайн
Година на издаване 2007
300 ## - Физическа характеристика
Брой дискове, общо времетраене (95 мин.)
Други физически данни цв. ; зв.
Размер 12 см
380 ## - Жанр
Жанр Изкуство
500 ## - Общи забележки
Обща забележка Изт.: Загл. екран ; Етикет ; Обложка. - МК 52382-4/28.06.2007. - Дигитално изд.
511 ## - Забележка за участници или изпълнители
Забележка за участници или актьори Мишел Галабрю, Жоньовиев Гра, Ги Гросо и др.
700 ## - Други автори (авторска отговорност)
9 (RLIN) 489016
Друг автор Жиро, Жан
852 ## - Местоположение
Сигнатура (форматна) Цб CD 5191
Отдел Отдел Изкуство - подръчен фонд
856 ## - Електронен адрес и достъп
Инструкция (цена за достъп) 0.00
Права за достъп disable
942 ## - АРТИКУЛИ
Вид на библиотечния документ Компактдискове
Скрит в OPAC Не
944 ## - СЪЗДАВАНЕ И РЕДАКЦИЯ на ЗАПИСА
Дата на регистрацията/редакция Геновева Генчева
Служител, извършил регистрацията/редакцията 30542
Номер на служител Русанова Ирена
999 ## - СИСТЕМНИ КОНТРОЛНИ НОМЕРА
Koha biblionumber 494701
Koha biblioitemnumber 494701
999 ## - СИСТЕМНИ КОНТРОЛНИ НОМЕРА
Koha biblioitemnumber 494701
Наличности
Код за отписване Код за изгубен артикул Източник на класификационната схема Код за повреда Код за отдаване Артикулен № Име на библиотеката - собственик Име на библиотеката, в която се намира в момента Статус (Текущо местоположение) Дата на вписване в системата Местоположение - отдел Цена в лева Инвентарен номер Систематично азбучна сигнатура Баркод Цена в евро Служебен тип на артикула
  Не е изгубен Universal Decimal Classification Не е повреден заемане за дома 933184 Регионална библиотека "Любен Каравелов" Русе Регионална библиотека "Любен Каравелов" Русе Отдел Изкуство - подръчен фонд 2023-08-21 Отдел Изкуство - подръчен фонд 10.00 120000892319 791.221.2/П 69 120000892319 5.11 Компактдискове
Vip Innovations Ltd, Rousse, Bulgaria 2025